000 00604nam a2200205 4500
003 OSt
005 20170518103130.0
008 170302b xxu||||| |||| 00| 0 eng d
020 _a0024154911 :
040 _aMMU
_cMMU
_dMMU
050 0 0 _aQA76.9.C643S73 1990
100 1 _aStallings, William.
245 1 0 _aComputer organization and architecture :
_bPrinciples of structure and function /
_cWilliam Stallings.
250 _a2nd ed.
260 _aLondon :
_bCollier Macmillan,
_cc1990.
300 _axiv, 623 p. :
_b ill. ;
500 _aIncludes index
650 0 _aComputer
942 _2lcc
_cLOAN LOAN
999 _c24039
_d24039